Alianzas de clases y dominación fascista en Bolivia

Gespeichert in:
Bibliographische Detailangaben
1. Verfasser: Calderón Gutiérrez, Fernando
Körperschaft: Universidad de Chile-Valparaíso
Format: Text
Veröffentlicht: Valaparaíso: Universidad de Chile Valparaíso
Tags: Tag hinzufügen
Keine Tags, Fügen Sie den ersten Tag hinzu!

MARC

LEADER 00000 a a2200000 04500
001 22694
003
040
090 |a 155700  
100 |a Calderón Gutiérrez, Fernando  
110 |a Universidad de Chile-Valparaíso  
245 |a Alianzas de clases y dominación fascista en Bolivia  
260 |a Valaparaíso:   |b Universidad de Chile Valparaíso  
300 |a 17 p  
999 |c 15958  |d 15958